000 00538nam a2200145 4500
999 _c16093
_d16093
008 210412b ||||| |||| 00| 0 eng d
022 _a0732-8435
082 _aDPer 657.05 C33 Sept-Dec 2011 v. 81 n. 9-12
100 _aAnders, Susan B.
_942727
245 _aWebsite of the month:
_bhealthcare financial management association/
_cSusan B. Anders.
260 _aNew York:
_bThe New York State Society of CPA,
_c©2011.
300 _av81 n12, pages 72-73:
_bcolor illustrations;
_c28 cm.
650 _aWeb site.
_943052
942 _2ddc
_cPER